000 01097nam a22002897a 4500
001 BR9506243
003 BR-BrBNA
005 20230928095450.0
007 ta
008 230509b bl.||||| |||| 00| 0 por d
040 _aBR-BrBNA
_bpor
_cBiblioteca Nacional de Agricultura
041 _a(Eng)
072 _aA01; E20
090 _ A01 BR9506243
110 1 _aInternational Comission on Irrigation and Drainage, New Delhi (India)
_96608
111 1 _aConferencia Internacional sobre Impactos de Variacoes Climaticas e Desenvolvimento Sustentavel em Regioes Semi-Aridas
_cFortaleza, CE (Brazil)
_d27 Jan-01 Feb 1992
245 1 _aThe program of forestry activities for the state of Rio Grande do Norte: integration of forestry activities into the traditional rural activities of the semi-arid regions
260 3 _aNew Delhi (India):
_c1992.
300 _a17 p.
500 _a8 ref.
650 _aRecurso Florestal
650 _aPlanejamento Florestal
650 _aDesenvolvimento Sustentavel
650 _aRio Grande do Norte
909 _a202309
_bLucia
_c55
_dLucia Elande
942 _cBK
999 _c56721
_d56721